<?xml version="1.0" encoding="UTF-8"?>
<collection xmlns="http://www.loc.gov/MARC21/slim">
  <record>
    <leader>00000nam  2200000   4500</leader>
    <controlfield tag="001">INLIS000000000015828</controlfield>
    <controlfield tag="005">20230912110430</controlfield>
    <datafield tag="035" ind1="#" ind2="#">
      <subfield code="a">0010-0923000069</subfield>
    </datafield>
    <controlfield tag="007">ta</controlfield>
    <controlfield tag="008">230912################|##########|#|##</controlfield>
    <datafield tag="084" ind1="#" ind2="#">
      <subfield code="a">R 141 PIM II 2022</subfield>
    </datafield>
    <datafield tag="100" ind1=" " ind2="#">
      <subfield code="a">Derry Gunawan</subfield>
    </datafield>
    <datafield tag="245" ind1="1" ind2="#">
      <subfield code="a">Percepatan Pengentasan  Kawasan Permukiman Kumuh Melalui Gerakan Bangun Kampung Kite /</subfield>
      <subfield code="c">Derry Gunawan</subfield>
    </datafield>
    <datafield tag="250" ind1="#" ind2="#">
      <subfield code="a">1</subfield>
    </datafield>
    <datafield tag="260" ind1="#" ind2="#">
      <subfield code="a">Jakarta :</subfield>
      <subfield code="b">Pusbangkom Pimnas dan Manajerial ASN,</subfield>
      <subfield code="c">2022</subfield>
    </datafield>
    <datafield tag="300" ind1="#" ind2="#">
      <subfield code="a">80 halaman :</subfield>
      <subfield code="b">ilus ;</subfield>
      <subfield code="c">30 cm</subfield>
    </datafield>
    <datafield tag="650" ind1="#" ind2="4">
      <subfield code="a">Pemukiman</subfield>
    </datafield>
    <datafield tag="520" ind1="#" ind2="#">
      <subfield code="a">Proyek perubahan ini dilakukan di Kota Pontianak, dengan penekanan lokasi pada kawasan permukiman kumuh dengan luas area 97,35 Ha meliputi 6 (enam) kecamatan dan 18 (delapan belas) kelurahan. Adapun yang dimaksud dengan permukinan yang tidak layak huni akibat ketidakteraturan bangunan, tingkat kepadatan bangunan yang tinggi, dan kualitas bangunan serta sarana dan prasarana yang tidak memenuhi syarat. Pelaku utama proyek perubahan adalah Kepala Dinas Perumahan Rakyat dan Kawasan Permukiman Kota Pontianak. Adapun stakeholder yang terkait adalah Walikota Pontianak dan Sekretaris Daerah sebagai promotor utama dan stakeholder lainnya yang terkait meliputi perangkat daerah di tingkat Kota, Provinsi dna Pusat, Pelaku Usaha dan tokoh masyarakat setempat. Perubahan yang diinginkan adalah berkurangnya Kawasan yang lebih layak huni dan tertata  melalui kolaborasi multi-sektor.</subfield>
    </datafield>
    <datafield tag="856" ind1="#" ind2="#">
      <subfield code="a">Perpustakaan LAN Pusat</subfield>
    </datafield>
    <datafield tag="990" ind1="#" ind2="#">
      <subfield code="a">141</subfield>
    </datafield>
  </record>
</collection>
